Nachbarländer Kolumbiens🇨🇴 - Statistiken

Allgemein
  • Dieses Quiz wurde 65 mal gespielt
  • Das Durchschnittsergebnis liegt bei 5 aus 5
Antwortstatistiken
Grenzlänge in km Nachbarland % Korrekt
1.645 Brasilien🇧🇷
100%
1.496 Peru🇵🇪
100%
590 Ecuador🇪🇨
98%
2.219 Venezuela🇻🇪
98%
265 Panama🇵🇦
91%
Keine ĂĽbereinstimmenden Quizze gefunden
Verteilung der Resultate
Anzahl Personen mit jedem Resultat
Perzentil nach korrekt beantworteten Fragen
Ihre Resultats-Entwicklung
Sie haben dieses Quiz noch nicht gespielt